Un aporte crítico a la valoración empírica de empresas utilizando EBITIDA y el EVA (Registro nro. 9547)
[ vista simple ]
| 000 -LEADER | |
|---|---|
| fixed length control field | 00417 a2200121 4500 |
| 001 - CONTROL NUMBER | |
| control field | ART_12015 |
| 005 - DATE AND TIME OF LATEST TRANSACTION | |
| control field | 20260410161559.0 |
| 008 - FIXED-LENGTH DATA ELEMENTS--GENERAL INFORMATION | |
| fixed length control field | 260409a |
| 100 1# - MAIN ENTRY--PERSONAL NAME | |
| Personal name | Alonso, Juan Carlos |
| 245 10 - TITLE STATEMENT | |
| Title | Un aporte crítico a la valoración empírica de empresas utilizando EBITIDA y el EVA |
| 700 1# - ADDED ENTRY--PERSONAL NAME | |
| Personal name | Giménez, Carlos Manuel |
| 773 0# - HOST ITEM ENTRY | |
| Title | Profesional & Empresaria |
| Related parts | - Año XIII, Nº 160 (ene. 2013) |
| Record control number | REV70 |
No hay ítems disponibles.